| 000 | 00592nam a2200193Ia 4500 | ||
|---|---|---|---|
| 003 | GCL | ||
| 008 | 140319s9999 xx 000 0 ara d | ||
| 040 |
_aGCL / _cGCL |
||
| 082 | 0 | 4 |
_a859.3083 _bم ا |
| 100 | 1 | _aجمال السيد | |
| 245 | 1 | 0 |
_aالامبراطور الرهيب تيبيريوس / _cجمال السيد |
| 700 | 1 | _aمأمون, ارنست | |
| 260 |
_a[S.N] : _bالهيئة المصرية العامة للكتاب ، _c1985 |
||
| 300 | _a132 ص | ||
| 490 | _a | ||
| 650 | 0 | 4 | _aاباطرة الرومان |
| 650 | 0 | 4 | _aالادب الرومانى |
| 942 |
_2ddc _cBK |
||
| 999 |
_c30270 _d30270 |
||